ATPV, asistencia técnica de posventa : logística, organización y operación óptima, subcontratación de servicios, legislación /

Gardado en:
Detalles Bibliográficos
Autor Principal: Lozano Rojo, Juan Ramón (autor)
Formato: Libro
Idioma:Lingua castelá
Publicado: Madrid, España : Fundación Confemetal, 2001, c2001
Temas:
Etiquetas: Engadir etiqueta
Sen Etiquetas, Sexa o primeiro en etiquetar este rexistro!

MARC

LEADER 00000nam^a2200000^a^4500
001 000162451
005 20250521000000.0
009 20260310100833.094
020 |a 84-95428-25-3 
037 |a Acervo ITESO - Biblioteca 
041 |a ESP 
082 |a 658. 802  |b LOZ 
100 |a Lozano Rojo, Juan Ramón  |e (autor) 
245 1 0 |a ATPV, asistencia técnica de posventa :  |b logística, organización y operación óptima, subcontratación de servicios, legislación /  |c J.R. Lozano Rojo. 
264 4 |a Madrid, España :  |b Fundación Confemetal,  |c 2001, c2001 
300 |a 459 p. 
336 |a texto  |b txt  |2 rdacontenido 
337 |a sin mediación  |b n  |2 rdamedio 
338 |a volumen  |b nc  |2 rdasoporte 
649 |a XX 
650 |a Ventas 
650 |a Producto (Mezcla de Mercadotecnia) 
650 |a Promoción del Producto 
650 |a Promoción del Servicio 
650 |a Calidad Total 
650 |a Contratos Mercantiles -  |z España 
650 |a Derecho de Crédito o de las Obligaciones 
650 |a Subcontratación de Servicios 
650 |a Cambio Organizacional 
650 |a Planeación Administrativa 
650 |a Administración del Producto 
650 |a Proceso Administrativo -  |x Dirección 
650 |a Derecho Mercantil -  |z España 
650 |a Mercadotecnia 
650 |a Ciencias Administrativas 
910 |a Fondo General 
920 |a Impresos - Libros 
930 |a Colección General 
905 |a 101 
901 |a 0500095228  |b IT1  |c ACC  |u 20250521 
902 |a https://opac.biblio.iteso.mx/vufind/Record/000162451